000
00317nam a2200157Ia 4500
100
_a
Rittinghouse/John W
650
_a
Cloud computing
942
_c
BK
366
_f
20
245
_a
Cloud computing implementation
260
_b
CRC
_c
2010
082
_b
RIT
300
_a
301
546
_a
ENGLISH
999
_c
28574
_d
28574